000 01734nam a2200313 a 4500
001 BRCA_2485
005 20190320203831.0
008 211108s1842----mx-a---###---#000-0dspa-u
041 _aspa
044 _amx
084 _a125
_b.M379
_c1842
100 1 _aCervantes Saavedra, Miguel de
_d1547-1616
_9213
245 1 0 _aEl Ingenioso Hidalgo Don Quijote de la Mancha
_cpor Miguel de Cervantes Saavedra.
260 _aMéxico
_bMasse y Decaen
_c1842
300 _a2 v.
_bil.
_c24 cm.
_e1 mapa
500 _aContenido : v 1. Primera parte. Retrato de Cervantes. Noticia sobre la vida y escritos de Cervantes por Viardot. Prólogo del autor. Versos preliminares. Texto. -- v 2. Segunda parte. Dedicatoria del autor. Prólogo del autor. Mapa de una parte de España. Texto
500 _aEdición : Obra adornada de 125 estampas litográficas
500 _aTuvo por modelo la edición barcelonesa, impresa por Bergnes, en 1839-40. Las láminas y el retrato de Cervantes son dibujos de Heredia, litografiadas por Masse y Decaen. Edición recomendable por lo esmerado de la parte tipográfica y la notable biografía de Cervantes escrita por L. Viardot, traducida al español. Piel; lomeras decoradas con adornos dorados. Planos orlados Lúdovik Osterc
500 _aEstado físico : El volumen 1 carece de portada
500 _aQM106
650 1 4 _aNovela española
_yÉpoca clásica, 1500-1700
_9215
650 1 4 _aLiteratura española
_yÉpoca clásica, 1500-1700
_9216
650 1 4 _aNovela española
_ySiglo XVII
_9217
650 1 4 _aDon Quijote (Personaje ficticio)
_eNovela
_9218
700 1 _aViardot, Louis
_d1800-1883
_eBiógrafo
_97178
740 0 _aEl Ingenioso Hidalgo Don Quijote de la Mancha
902 _aQFM
942 _2lcc
_cB
999 _c2226
_d2226